La política contra la estrategia en la Guerra del Pacífico 1879-1883
Uloženo v:
| Hlavní autor: | |
|---|---|
| Médium: | Kniha |
| Jazyk: | španělština |
| Vydáno: |
Santiago, Chile
Esparza
1981
|
| Témata: | |
| Tagy: |
Přidat tag
Žádné tagy, Buďte první, kdo vytvoří štítek k tomuto záznamu!
|
MARC
| LEADER | 00000nam a2200000 a 4500 | ||
|---|---|---|---|
| 001 | UCO2581 | ||
| 003 | CL-VaPUC | ||
| 005 | 20201106001332.0 | ||
| 008 | 000608e19810000CL |||||||||||||||||spa|d | ||
| 999 | |c 289086 |d 289084 | ||
| 040 | |c Pontificia Universidad Católica de Valparaíso | ||
| 082 | 0 | 4 | |a 983.061 GON 1981 |2 21 |
| 100 | 0 | |a González Salinas, Edmundo |e author |9 445961 | |
| 245 | 1 | 3 | |a La política contra la estrategia en la Guerra del Pacífico 1879-1883 |
| 260 | |a Santiago, Chile |b Esparza |c 1981 | ||
| 300 | |a 213 páginas | ||
| 583 | |a last modification |c 20000608 00:00:00 |k Rodrigo Vera | ||
| 650 | 7 | |a HISTORIA DE CHILE |2 CL-VaPUC |9 443689 |y 1879-1883 | |
| 650 | 0 | |a Guerra del Pacífico |y 1879-1883 |z CHILE |9 314886 | |
| 852 | |a BIBCUR | ||
| 942 | |c BK |2 ddc | ||
| 945 | |d 20000608 00:00:00 |a crobeson | ||
| 952 | |0 0 |1 0 |2 ddc |4 0 |6 983_061000000000000_GON_1981 |7 0 |8 A |9 337235 |a BIBHIS |b BIBHIS |d 2019-11-20 |i 1292951 |l 1 |o 983.061 GON 1981 |p 1292951 |r 2025-01-20 |s 2020-11-24 |t 1 |w 2019-11-20 |y BK |k HIS | ||